000 01009nam a22002177a 4500
005 20260304082349.0
008 240813b ||||| |||| 00| 0 eng d
082 _aDPer 155.205 J826 April-June 2020 v. 118 n. 4-6
100 _aWallace, Laura E.
_eauthor.
_957479
245 _aInfluences of source bias that differ from source untrustworthiness :
_bwhen flip-flopping is more and less surprising /
_cLaura E. Wallace, Duane T. Wegener, and Richard E. Petty.
260 _aWashington ;
_bAmerican Psychological Association ,
_cApril 2020.
300 _aVolume 118, pages 603-616 :
_billustration ;
_c28 cm.
500 _aJournal of Personality and Social Psychology, vol. 118, no. 4, pages 603-616, April 2020.
650 _aAttitude (Psychology).
_959995
650 _aPersuasion (Psychology).
_959996
650 _aPrejudices.
_918440
700 _aWallace, Laura E.
_eauthor.
_957479
700 _aWegener, Duane T.
_eauthor.
_957480
700 _aPetty, Richard E.
_eauthor.
_957481
942 _2ddc
_cPER
999 _c20372
_d20372